Catálogo
 En Linea

Suecia : (Registro nro. 13916)

Detalles MARC
000 -CABECERA
campo de control de longitud fija 00822cam a2200241 a 4500
001 - NÚMERO DE CONTROL
campo de control 000014321
005 - FECHA Y HORA DE LA ÚLTIMA TRANSACCIÓN
campo de control 20200929163555.0
008 - DATOS DE LONGITUD FIJA--INFORMACIÓN GENERAL
campo de control de longitud fija 780601s1969 sp ab b 001 0 spa
040 ## - FUENTE DE LA CATALOGACIÓN
Centro catalogador/agencia de origen DO-SdBNP
Centro/agencia transcriptor DLC
Centro/agencia modificador DLC
043 ## - CÓDIGO DE ÁREA GEOGRÁFICA
Código de área geográfica e-sw---
082 ## - NÚMERO DE LA CLASIFICACIÓN DECIMAL DEWEY
Número de clasificación 330.485
Número de documento/Ítem J61s
049 ## - FONDOS LOCALES (OCLC)
Fondos de biblioteca BNGR
100 1# - ENTRADA PRINCIPAL--NOMBRE DE PERSONA
Nombre de persona Jiménez Bermejo, María
9 (RLIN) 32301
245 10 - MENCIÓN DE TÍTULO
Título Suecia :
Resto del título un modelo de economia de mercado de base igualitaria /
Mención de responsabilidad, etc. María Jiménez Bermejo.
260 ## - PUBLICACIÓN, DISTRIBUCIÓN, ETC.
Lugar de publicación, distribución, etc. Madrid :
Nombre del editor, distribuidor, etc. Euramérica,
Fecha de publicación, distribución, etc. 1969.
300 ## - DESCRIPCIÓN FÍSICA
Extensión 201 p. :
Otras características físicas il., mapas ;
Dimensiones 18 cm.
490 1# - MENCIÓN DE SERIE
Mención de serie Centro de Estudios Universitarios
504 ## - NOTA DE BIBLIOGRAFÍA, ETC.
Nota de bibliografía, etc. Bibliografía p. 197-201.
651 #4 - PUNTO DE ACCESO ADICIONAL DE MATERIA--NOMBRE GEOGRÁFICO
Nombre geográfico Suecia
Subdivisión general Condiciones Economicas
Subdivisión cronológica 1945-
9 (RLIN) 32302
651 #4 - PUNTO DE ACCESO ADICIONAL DE MATERIA--NOMBRE GEOGRÁFICO
Nombre geográfico Suecia
Subdivisión general Politica Economica
9 (RLIN) 32303
830 #0 - PUNTO DE ACCESO ADICIONAL DE SERIE-TÍTULO UNIFORME
Título uniforme Centro de Estudios Universitarios ;
9 (RLIN) 32304
910 ## - DATOS DE OPCIÓN DEL USUARIO (OCLC)
Datos de opción del usuario Catalogación por copia/LC
Existencias
Estado de retiro Estado de pérdida Restricciones de uso No para préstamo Código de colección Localización permanente Ubicación/localización actual Ubicación en estantería Fecha de adquisición Número de inventario Total de préstamos Signatura topográfica completa Código de barras Fecha visto por última vez Precio válido a partir de Tipo de ítem Koha
    Préstamo interno   Monografías: Libros y Folletos General General En catalogación 09.12.2009 LF1   330.485 J61s 14321-10 25.06.2020 25.06.2020 Préstamo interno

Con tecnología Koha